书目信息 |
| 题名: |
爪哇夜未眠
|
|
| 作者: | 蔡学镛 著 | |
| 分册: | ||
| 出版信息: | 北京 电子工业出版社 2004.5 |
|
| 页数: | 215页 | |
| 开本: | 23cm | |
| 丛书名: | ||
| 单 册: | ||
| 中图分类: | TP312JA-49 | |
| 科图分类: | ||
| 主题词: | JAVA语言--JAVA yu yan , 程序设计--cheng xu she ji , JAVA语言--JAVA yu yan--程序设计--普及读物 | |
| 电子资源: | ||
| ISBN: | 7-5053-9957-8 | |
| 000 | 01202nam0 2200313 45 | |
| 001 | 012004122177 | |
| 005 | 20070628093858.46 | |
| 010 | @a7-5053-9957-8@dCNY20.00 | |
| 100 | @a20040724d2004 em y0chiy0121 ea | |
| 101 | 0 | @achi |
| 102 | @aCN@b110000 | |
| 105 | @ay z 000yy | |
| 200 | 1 | @a爪哇夜未眠@Azhao wa ye wei mian@eJava程序员的心声@f蔡学镛著 |
| 205 | @a2版 | |
| 210 | @a北京@c电子工业出版社@d2004.5 | |
| 215 | @a215页@d23cm | |
| 314 | @a蔡学镛,台湾省台南县人,毕业于台湾清华大学信息硕士班,目前居住在台北市,著有《爪哇夜未眠——Java程序员的心声》等。 | |
| 330 | @a本书作者用清新自然的笔触记录下自己学习、工作和生活中的所见所思,书中收录的文章内容贴近程序员的生活,部分文章介绍了学习Java技术的一些常见问题。 | |
| 333 | @a阅读对象:Java程序员、专业软件开发者、程序设计爱好者 | |
| 510 | 1 | @aSleepless in Java@zeng |
| 517 | 1 | @aJava程序员的心声@AJava cheng xu yuan de xin sheng |
| 540 | 1 | @aJava夜未眠@AJava ye wei mian |
| 606 | 0 | @aJAVA语言@AJAVA yu yan |
| 606 | 0 | @a程序设计@Acheng xu she ji |
| 606 | 0 | @aJAVA语言@AJAVA yu yan@x程序设计@j普及读物 |
| 690 | @aTP312JA-49@v4 | |
| 701 | 0 | @a蔡学镛@Acai xue yong@4著 |
| 801 | 0 | @aCN@c20070628 |
| 905 | @dTP312JA-49@eC060-2 | |
| 爪哇夜未眠:Java程序员的心声/蔡学镛著.-2版.-北京:电子工业出版社,2004.5 |
| 215页;23cm |
| 使用对象:阅读对象:Java程序员、专业软件开发者、程序设计爱好者 |
| ISBN 7-5053-9957-8:CNY20.00 |
| 本书作者用清新自然的笔触记录下自己学习、工作和生活中的所见所思,书中收录的文章内容贴近程序员的生活,部分文章介绍了学习Java技术的一些常见问题。 |
| ● |
| 相关链接 |
|
|
|
正题名:爪哇夜未眠
索取号:TP312JA-49/C060-2
 
预约/预借
| 序号 | 登录号 | 条形码 | 馆藏地/架位号 | 状态 | 备注 |
| 1 | 450081 | 204500815 | 自科库301/301自科库 86排1列2层/ [索取号:TP312JA-49/C060-2] | 在馆 | |
| 2 | 450082 | 204500824 | 自科二线504/504自科库 1排1列5层/ [索取号:TP312JA-49/C060-2] | 在馆 | |
| 3 | 450512 | 204505124 | 自科二线504/504自科库 1排1列5层/ [索取号:TP312JA-49/C060-2] | 在馆 | |
| 4 | 450513 | 204505133 | 自科二线404/404自科库 19排2列1层/ [索取号:TP312JA-49/C060-2] | 在馆 | |
| 5 | 450514 | 204505142 | 自科二线504/504自科库 1排1列5层/ [索取号:TP312JA-49/C060-2] | 在馆 | |
| 6 | 546285 | 205462854 | 自科二线504/504自科库 1排2列3层/ [索取号:TP312JA-49/C060-2] | 在馆 | |
| 7 | 546286 | 205462863 | 自科库301/301自科库 86排1列2层/ [索取号:TP312JA-49/C060-2] | 在馆 | |
| 8 | 546287 | 205462872 | 自科二线504/504自科库 1排2列3层/ [索取号:TP312JA-49/C060-2] | 在馆 |